| 000 | 00717nas a2200217 i 4500 | ||
|---|---|---|---|
| 001 | 184174 | ||
| 003 | ES-MaACL | ||
| 005 | 20250217134914.0 | ||
| 008 | 150409d18841899sp a| | ||pa d | ||
| 245 | 0 | 0 | _aVerdadera Guia de Madrid necesaria para todas las clases sociales. |
| 260 |
_aMadrid : _b[s.n.], _c1884-1899 ( _fImpr. de Manuel Minuesa de los Rios) |
||
| 300 |
_a6 v. ; _c15 cm. |
||
| 310 | _aAnual | ||
| 651 | 4 |
_aMadrid- _vDirectorios. _9156678 |
|
| 852 |
_aES-MaACL _jT-738-F-1-4 |
||
| 852 | 0 |
_aBA _jT-646-F-6 _z.- Año 1890 |
|
| 852 |
_aES-MaACL _jT-601-F-3 _z.- Año 1888 |
||
| 852 |
_aES-MaACL _jT-761-F-1 _z.- Año 1884 |
||
| 866 | 0 | _o1884, 1887, 1888, 1890,1891, 1892. | |
| 999 |
_c184174 _d184174 |
||